| 000 | 00686cam a22002291 4500 | ||
|---|---|---|---|
| 001 | ne 67001276 | ||
| 003 | DLC | ||
| 005 | 20260227111833.0 | ||
| 008 | 850131m19609999le a 000 0 ara | ||
| 010 | _ane 67001276 | ||
| 035 | _a(OCoLC)11643743 | ||
| 040 |
_aDLC _cViMcC _dAzU _dMH _dDLC |
||
| 042 | _apremarc | ||
| 050 | 0 | 0 |
_aDS79.66.S3 _bA3 |
| 100 | 1 | _aSalīm, Shākir Muṣṭafá. | |
| 245 | 1 | 0 |
_aMin mudhakkirāt qawmī mutaʼāmir / _cShākir Muṣṭafá Salīm. |
| 260 |
_a[Beirut] : _bDār al-Ṭalīʻah, _c[1960?- |
||
| 300 |
_av. : _bill. ; _c21 cm. |
||
| 600 | 1 | 0 | _aSalīm, Shākir Muṣṭafá. |
| 651 | 0 |
_aIraq _xPolitics and government. |
|
| 650 | 0 |
_aCommunism _zIraq. |
|
| 999 |
_c49698 _d49698 |
||